Kalifornien nach Bild - Statistiken

Allgemein
  • Dieses Quiz wurde 773 mal gespielt
  • Das Durchschnittsergebnis liegt bei 6 aus 18
Antwortstatistiken
Bildquiz Hint Antwort % Korrekt
(Brücke) Golden Gate Bridge
97%
(Technologieregion) Silicon Valley
77%
(Freizeitpark) Disneyland
76%
(Bewegung der 60er-Jahre) Hippie
76%
(berühmte Schauspielerin) Jennifer Aniston
59%
(Nationalpark) Yosemite
55%
(Touristen-Pier) {Santa} {Monica} Pier
41%
(Nationalpark) Death Valley
33%
(Weinregion) {Napa} Valley
25%
(berühmte Küstenstraße) State Route 1
21%
(See) Lake Tahoe
18%
(steile Straße in San Francisco) Lombard Street
14%
(Wahrzeichen von Los Angeles) {Griffith}-Observatorium
9%
(Ereignis in Pasadena) Rose Bowl
7%
(Höchster Berg) Mount Whitney
5%
(religiöser Außenposten) Spanische {Mission}
5%
(Anwesen) {Hearst} Castle
4%
(zweimaliger Gouverneur) Jerry Brown
2%
Keine übereinstimmenden Quizze gefunden
Verteilung der Resultate
Anzahl Personen mit jedem Resultat
Perzentil nach korrekt beantworteten Fragen
Ihre Resultats-Entwicklung
Sie haben dieses Quiz noch nicht gespielt